<?xml version="1.0" encoding="UTF-8"?><?xml-stylesheet type="text/xsl" href="static/style.xsl"?><OAI-PMH xmlns="http://www.openarchives.org/OAI/2.0/" xmlns:xsi="http://www.w3.org/2001/XMLSchema-instance" xsi:schemaLocation="http://www.openarchives.org/OAI/2.0/ http://www.openarchives.org/OAI/2.0/OAI-PMH.xsd"><responseDate>2026-06-06T19:08:23Z</responseDate><request verb="GetRecord" identifier="oai:riuma.uma.es:10630/27998" metadataPrefix="marc">https://riuma.uma.es/rest/oai/request</request><GetRecord><record><header><identifier>oai:riuma.uma.es:10630/27998</identifier><datestamp>2026-02-03T11:12:46Z</datestamp><setSpec>com_10630_2254</setSpec><setSpec>col_10630_37953</setSpec></header><metadata><record xmlns="http://www.loc.gov/MARC21/slim" xmlns:dcterms="http://purl.org/dc/terms/" xmlns:doc="http://www.lyncode.com/xoai" xmlns:xsi="http://www.w3.org/2001/XMLSchema-instance" xsi:schemaLocation="http://www.loc.gov/MARC21/slim http://www.loc.gov/standards/marcxml/schema/MARC21slim.xsd">
   <leader>00925njm 22002777a 4500</leader>
   <datafield ind2=" " ind1=" " tag="042">
      <subfield code="a">dc</subfield>
   </datafield>
   <datafield ind2=" " ind1=" " tag="720">
      <subfield code="a">Danchev, Peter</subfield>
      <subfield code="e">author</subfield>
   </datafield>
   <datafield ind2=" " ind1=" " tag="720">
      <subfield code="a">García González, Esther</subfield>
      <subfield code="e">author</subfield>
   </datafield>
   <datafield ind2=" " ind1=" " tag="720">
      <subfield code="a">Gómez-Lozano, Miguel Ángel</subfield>
      <subfield code="e">author</subfield>
   </datafield>
   <datafield ind2=" " ind1=" " tag="260">
      <subfield code="c">2023-07-10</subfield>
   </datafield>
   <datafield ind2=" " ind1=" " tag="520">
      <subfield code="a">For n ≥ 2 and fixed k ≥ 1, we study when an endomorphism f of Fn, where F is an arbitrary field, can be decomposed as t + m where t is a root of the unity endomorphism and m is a nilpotent endomorphism with mk = 0. For fields of prime characteristic, we show that this decomposition holds as soon as the characteristic polynomial of f is algebraic over its base field and the rank of f is at least n k , and we present several examples that show that the decomposition does not hold in general. Furthermore, we completely solve this decomposition problem for k = 2 and nilpotent endomorphisms over arbitrary fields (even over division rings). This somewhat continues our recent publications in Linear Multilinear Algebra (2022) and Int.</subfield>
   </datafield>
   <datafield ind1="8" ind2=" " tag="024">
      <subfield code="a">Peter Danchev, Esther García, Miguel Gómez Lozano, Decompositions of endomorphisms into a sum of roots of the unity and nilpotent endomorphisms of fixed nilpotence, Linear Algebra and its Applications, Volume 676, 2023, Pages 44-55, ISSN 0024-3795, https://doi.org/10.1016/j.laa.2023.07.005</subfield>
   </datafield>
   <datafield ind1="8" ind2=" " tag="024">
      <subfield code="a">https://hdl.handle.net/10630/27998</subfield>
   </datafield>
   <datafield ind1="8" ind2=" " tag="024">
      <subfield code="a">10.1016/j.laa.2023.07.005</subfield>
   </datafield>
   <datafield tag="653" ind2=" " ind1=" ">
      <subfield code="a">Anillos (Álgebra)</subfield>
   </datafield>
   <datafield tag="653" ind2=" " ind1=" ">
      <subfield code="a">Números complejos</subfield>
   </datafield>
   <datafield ind2="0" ind1="0" tag="245">
      <subfield code="a">Decompositions of endomorphisms into a sum of roots of the unity and nilpotent endomorphisms of fixed nilpotence.</subfield>
   </datafield>
</record>
</metadata></record></GetRecord></OAI-PMH>